Histoire Politique Française #1 - Statistiques

Statistiques générales
  • Ce quiz a été pris 46 fois
  • Le résultat moyen est 7 sur 22
Statistiques - réponses
Questions Réponses % Correct
Suite au désastre militaire de ... (lieu) Sedan
80%
Qui est élu chef du pouvoir exécutif de l'Etat à la majorité ? Adolphe Thiers
60%
A quelle date est proclamé la IIIe République ? 4 septembre 1870
57%
De Mars à mai 1871 se déroule la "..." Commune de Paris
57%
Mais ils sont divisés en deux groupes (citer un) légitimistes / orléanistes
57%
Le 8 février 1871 les ... remportent les élections avec 400 députés monarchistes
54%
En quelle années sont prises les lois constitutionnelles ? 1875
43%
Qui est élu président de la République ? ( c'est un républicain modéré ) Jules Grévy
43%
Quel est le nom de l'amendement qui précise que le chef de l'Etat peut être appelé président de la République ? (30 janvier 1875 ) Amendement Wallon (accepté à 355 voix contre 352)
31%
Quelle est la date de la crise faisant basculer le régime totalement du côté d'une république et non une monarchie ? Crise du 16 mai 1877
29%
Quel camp royaliste est associé au comte de Chambord ? L'autre étant rattaché au comte de Paris Légitimistes
26%
Qui mène les républicains en étant soutenu par le Parti radical (composé de franc-maçon opposé à l'Eglise) Léon Gambetta
23%
A qui appartient cette citation “Quand la France aura fait entendre sa voix souveraine il faudra se soumettre ou se démettre” ? Léon Gambetta
23%
Compléter la phrase de Thiers de novembre 72 "La République est le gouvernement légal du pays, la République sera "..." ou elle ne sera pas " conservatrice
11%
Quel erreur le comte de Chambord commets il le 27 Octobre 1873 ? Exige le retour du drapeau blanc
11%
Quand démissions Mac-Mahon ? Le 30 Janvier 1879
9%
Au mois de mars 1871 est signé le "..." qui précise que ce dernier s'engage à ne pas choisir la nature du régime Pacte de Bordeaux
9%
Combien la France est elle condamnée à verser à la Prusse ? 5 milliards
6%
Conséquences de cette événement (citer une) Coup d'arrêt du socialisme révolutionnaire / symbole dans le monde / Thiers devient l'homme providentiel
6%
Citer une des grandes mesures à la suite du remplacement de Thiers : épuration de l'administration / soutien du sentiment religieux
6%
Qui propose la chute du gouvernement Thiers et en remplacement le Maréchal Mac-Mahon ? le Duc de Broglie
6%
Quel traité supprime la garde nationale et crée une nouvelle armée pour la revanche ? Traité de Francfort
6%
Aucun quiz correspondant
Distribution des résultats
% des personnes avec chaque résultat
Percentile par nombre de réponses
Votre historique - résultats
Vous n’avez pas pris ce quiz